000 00921nam a2200301Ia 4500
003 OSt
005 20220928115055.0
006 a|||||r|||| 00| 0
007 ta
008 220927b |||||||| |||| 00| 0 eng d
020 _cUKP 43.99
024 _a134278
037 _b033, 01/03/2017, Excel Book International
_cTextual
040 _aSDCL
_cSDCL
_beng
041 _2eng
_aeng
082 _aSObW, Q6
100 _aCottam Martha L.
245 0 _aIntroduction to political psychology
250 _a3rd
260 _aNew York
_b Routledge
_c2016
300 _ax,522p.
_ccm.
650 _aApplied Psychology
700 _a Dietz Beth
_9442960
700 _a Mastors Elena
_9442961
700 _a Preston Thomas
_9442962
942 _hSObW, Q6
_cTEXL
_2CC
999 _c758134
_d758134